| 000 | 01535cam a22003374a 4500 | ||
|---|---|---|---|
| 999 |
_c10436 _d10436 |
||
| 001 | 13165772 | ||
| 003 | GBCCL | ||
| 005 | 20241126110732.0 | ||
| 008 | 030417s2005 wau b 000 0beng | ||
| 010 | _a 2003008865 | ||
| 020 | _a1576581993 | ||
| 040 |
_aDLC _cDLC _dDLC |
||
| 042 | _apcc | ||
| 050 | 0 | 0 |
_aBV3705.C86 _bB46 2005 |
| 082 | 0 | 0 |
_a266.0092 _a267.61092 _aB _bBEN |
| 100 | 1 |
_aBenge, Janet, _d1958- _917368 |
|
| 245 | 1 | 0 |
_aLoren Cunningham : _binto all the world / _cby Janet and Geoff Benge. |
| 260 |
_aSeattle, WA : _bYWAM Pub., _cc2005. |
||
| 300 |
_a219 p. ; _c21 cm. |
||
| 440 | 0 |
_aChristian heroes, then & now _917374 |
|
| 504 | _aIncludes bibliographical references (p. 219). | ||
| 505 | 0 | _aWhen God says go, we go -- You sure got yourself a preacher here! -- New shoes -- The face of a little girl -- Wave upon wave -- You look so like Tom -- You'd be set up for life -- Youth with a mission -- An extremely generous offer -- A gathering storm -- Multiplication -- Hotel golf -- A growing mission -- Only the beginning -- New frontiers -- Into all the world. | |
| 600 | 1 | 0 |
_aCunningham, Loren. _97779 |
| 610 | 2 | 0 |
_aYouth With a Mission, Inc. _918148 |
| 650 | 0 |
_aMissionaries _vBiography. _93720 |
|
| 700 | 1 |
_aBenge, Geoff, _d1954- _917373 |
|
| 856 | 4 | 1 |
_3Table of contents _uhttp://www.loc.gov/catdir/toc/ecip043/2003008865.html |
| 906 |
_a7 _bcbc _corignew _d1 _eecip _f20 _gy-gencatlg |
||
| 942 |
_2ddc _cBK |
||